Proyecto de Ley de incorporación del Artículo 281 Decies, relativo al discurso de odio, en el Código Penal Boliviano (Registro nro. 9691)
[ vista simple ]
| 000 -CABECERA (24) | |
|---|---|
| Campo de control interno | 02931nam a22002894a 4500 |
| 003 - IDENTIFICADOR DE CONTROL | |
| Campo control | BOLpUSFA |
| 005 - FECHA Y HORA DE CATALOGACION | |
| Campo de control | 20260407145433.0 |
| 008 - ELEMENTOS DE LONGITUD FIJA - INFORMACIÓN GENERAL | |
| Campo de control de longitud fija | t bo grm 001 f spa|| |
| 040 ## - Origen de la Catalogacion | |
| Origen de la Catalogacion | BOLpUSFA |
| 041 ## - Código de idioma (R) | |
| Código de lengua del texto/banda sonora o título independiente (R) | spa |
| 044 ## - Código de país de la publicación | |
| Codigo de pais MARC | BO |
| 082 ## - Número de la Clasificación Decimal Dewey | |
| Número de la Clasificación Decimal Dewey | DER0146 |
| Codigo Cutter | B641pT |
| 100 ## - Autor Personal | |
| Autor Personal | Blanco Vargas, David Gonzalo |
| 245 ## - Titulo | |
| Titulo | Proyecto de Ley de incorporación del Artículo 281 Decies, relativo al discurso de odio, en el Código Penal Boliviano |
| 260 ## - Editorial | |
| Ciudad | El Alto: |
| Nombre de la Editorial | Universidad Privada San Francisco de Asís. Carrera de Derecho, |
| Fecha | 2025 |
| 300 ## - Descripcion | |
| Extension | 103 p. |
| 502 ## - Nota de Tesis | |
| Nota de Tesis | Modalidad: Tesis de Grado - <br/>Tutor: Dra. Liliam Mabel Blacutt García |
| 520 ## - Resumen | |
| Resumen | La presente investigación jurídica aborda la necesidad imperiosa de tipificar el delito <br/>de discurso de odio en el Código Penal boliviano mediante la incorporación del <br/>Artículo 281 decies. El estudio se origina en el diagnóstico de un vacío legal: la <br/>norma actual (Art. 281 septies) resulta insuficiente, al enfocarse únicamente en el <br/>racismo y la discriminación basados en raza, dejando desprotegidos los ataques por <br/>motivos cruciales como la ideología, la identidad de género, la orientación sexual o <br/>la nacionalidad, tal como se evidenció en los periodos de crisis y alta polarización <br/>social. <br/>El objetivo central es diseñar una propuesta de ley que sea garantista y restrictiva, <br/>balanceando la protección de la dignidad humana bien jurídico supremo y <br/>fundamento del Derecho Penal con el respeto a la libertad de expresión. <br/>Metodológicamente, se emplea un enfoque propositivo, dogmático y comparado, <br/>analizando legislaciones como la española para extraer modelos de tipificación <br/>precisos que sancionen la incitación pública a la hostilidad, el desprecio o la <br/>violencia. <br/>Se concluye que el discurso de odio opera como una fase preparatoria o ideológica <br/>de delitos más graves contra la vida y la integridad, razón por la cual su penalización <br/>es un mecanismo de anticipación de la tutela estatal. La propuesta busca proteger <br/>la convivencia pacífica en la diversidad, estableciendo una barrera legal contra la <br/>deshumanización del otro. A pesar del riesgo de instrumentalización política <br/>identificado por los operadores de justicia, la ley propuesta se justifica como <br/>necesaria para subsanar la insuficiencia normativa y proteger la estructura <br/>democrática del Estado Plurinacional. <br/>Palabras Clave: Discurso de Odio, Código Penal Boliviano, Dignidad Humana, <br/>Incitación a la Violencia, Libertad de Expresión, Bien Jurídico, Racismo, 281 decies. <br/> |
| 650 ## - Temas - Descriptores | |
| Temas - Descriptores | Derecho |
| 650 ## - Temas - Descriptores | |
| Temas - Descriptores | Tesis de Grado |
| 650 ## - Temas - Descriptores | |
| Temas - Descriptores | Proyecto de Ley |
| 650 ## - Temas - Descriptores | |
| Temas - Descriptores | Discurso de odio |
| 650 ## - Temas - Descriptores | |
| Temas - Descriptores | Dignidad |
| 650 ## - Temas - Descriptores | |
| Temas - Descriptores | Violencia |
| 650 ## - Temas - Descriptores | |
| Temas - Descriptores | Discriminación |
| 942 ## - ELEMENTOS DE KOHA | |
| Esquema de Clasificaci | |
| Tipo de Documento | Tesis |
| Catalogador | LLO |
| Retirado (estado) | Perdido (estado) | Fuente de Clasificacion | Deterioro (estado) | Prestamo | Coleccion | Ubicacion permanente | Ubicacion actual | Fondo | Fecha de adquisicion | Origen de adquisicion | Prestamos | Signatura Topografica | Codigo de barras | Ultima fecha de verificacion | Price effective from | Tipo de Item |
|---|---|---|---|---|---|---|---|---|---|---|---|---|---|---|---|---|
| No Dañado | Disponible | No Dañado | Disponible | Tesis | Biblioteca USFA El Alto | Biblioteca USFA El Alto | Colección Tesis | 03/31/2026 | Depósito | DER0146 B641pT | BEA01539 | 03/31/2026 | 03/31/2026 | Tesis |